Responses for Show #7526 - Monday, May 8, 2017

2017 Teachers Tournament quarterfinal game 1.

Contestants

[<< previous game]

Graham Toben, a middle school English teacher from Portola Valley, California

George Deane, a high school humanities teacher from Colchester, Vermont

Gail Ansheles, a kindergarten teacher from Santa Fe, New Mexico

[next game >>]

Jeopardy! Round responses

ANATOMICALLY CORRECT
(Alex: Just like me.)
HALL OF FAMERS BY SPORT
PARTS OF THE WHOLE
20th CENTURY AMERICA
NEWSPAPERS
THE "A.P."
    $200 26
your nervous system

George
    $200 7
football

Graham
    $200 16
(George: What is the eye?)

the flower

GeorgeGraham
    $200 2
Martin Luther King Jr.

Gail
    $200 1
the USA Today

George
    $200 12
Advanced Placement

Graham
    $400 27
kidneys

Gail
    $400 8
baseball

Triple Stumper
    $400 17
a castle

Graham
    $400 3
the USO

Gail
    $400 22
The Wall Street Journal

George
    $400 13
accident-prone

Gail
    $600 28
muscles

Graham
    $600 9
basketball

Graham
    $600 18
a piano

George
    $600 4
(Graham: What is Sudan?)

Somalia

Graham
Triple Stumper
    $600 23
The Boston Globe

Gail
    $600 14
Accounts Payable

Gail
    $800 29
(Graham: What is white?)

yellow marrow

Graham
Triple Stumper
    $800 10
tennis

Graham
    $800 19
(Graham: What is a camera?)
(Alex: Be more specific.)
(Graham: What is a... movie camera?)

a selfie stick

GeorgeGraham
    $800 5
(Gail: What is... Fantasia?)

Snow White and the Seven Dwarfs

GailGeorge
    $800 24
Stars and Stripes

Triple Stumper
    $800 15
atmospheric pressure

George
    $1000 30
the larynx

Triple Stumper
    $1000 11
(Alex: One of the great [*] of all time.)

bowlers

Triple Stumper
    $1000 20
a hot air balloon

Gail
    $500 6
a bull moose

George
    $1000 25
The Guardian

Triple Stumper
    $1000 21
Atlantic & Pacific

Gail

Scores at the first commercial break (after clue 15):

Gail George Graham
$800 $2,300 $1,200

Scores at the end of the Jeopardy! Round:

Gail George Graham
$3,800 $4,100 $800

Double Jeopardy! Round responses

ALSO FOUND IN THE CLASSROOM
THE EASTERN HEMISPHERE
PROVIDE US THE LATIN ABBREVIATION
RELIGION
SINGERS WHO ACT
PIRATES' FAVORITE AUTHORS--"R"!
(Alex: The letter R will come up in each correct response.)
    $400 1
a clock

Graham
    $400 26
Australia

George
    $400 21
A.M.

George
    $400 16
(Graham: What is... Zen?)

nirvana

GeorgeGraham
    $400 11
The Hunger Games

Graham
    $400 6
George R.R. Martin

Graham
    $800 2
a globe

Gail
    $800 27
(Alex: It's in Africa; it's [*].)

the Congo River

Triple Stumper
    $800 22
(Alex: Anno Domini.)

A.D.

Gail
    $800 17
the Mormons

George
    $800 12
Harry Connick Jr.

Gail
    $800 7
(George: Who is... R.R. Tolkien?)
(Alex: Okay... no!)

J.R.R. Tolkien

GeorgeGraham
    $1200 3
an eraser

George
    $1200 28
Monte Carlo

Graham
    $1200 23
(Alex: Id est.)

i.e.

Gail
    $3,000 18
the Archbishop of Canterbury

George
    $1200 13
Lady Gaga

Graham
    $1200 8
R.L. Stine

Gail
    $1600 4
chalk

Graham
    $1600 29
the Atlas Mountains

George
    $1600 24
(Alex: You see it on the cross, the crucifixion.)

INRI

Triple Stumper
    $1600 19
Rosh Hashanah

Gail
    $1600 14
(Alex: You knew that. Go again, Graham.)

The Wizards of Waverly Place

Triple Stumper
    $1600 9
R. Crumb

Gail
    $2000 5
a false flag attack

Triple Stumper
    $2,000 30
(George: I don't know.)

Singapore

George
    $2000 25
(Alex: [*], juris doctor.)

J.D.

Gail
    $2000 20
Jehovah's Witnesses

Graham
    $2000 15
Janelle MonĂ¡e

Triple Stumper
    $2000 10
Lieutenant General H.R. McMaster

Triple Stumper

Scores at the end of the Double Jeopardy! Round:

Gail George Graham
$13,800 $9,100 $8,400

Final Jeopardy! Round responses

A YEAR OF FIRSTS
(Alex: [To Gail] The year in which Jimmy--born James--Carter was inaugurated as president.)
GrahamWhat is 2008?
$0
GeorgeWhat is 1950
$7,000
GailWhat is 1977?
$2,000
1977

Final scores:

Gail George Graham
$15,800 $2,100 $8,400
Automatic semifinalist 3rd place: $5,000 if eliminated 2nd place: $5,000 if eliminated

Game dynamics:

Coryat scores:

Gail George Graham
$13,800 $9,800 $8,400
16 R,
1 W
15 R
(including 2 DDs),
3 W
(including 1 DD)
15 R,
4 W

Combined Coryat: $32,000

[game clues] [game scores] [suggest correction]

Game tape date: 2017-03-21
The J! Archive is created by fans, for fans. Scraping, republication, monetization, and malicious use prohibited; this site may use cookies and collect identifying information. See terms. The Jeopardy! game show and all elements thereof, including but not limited to copyright and trademark thereto, are the property of Jeopardy Productions, Inc. and are protected under law. This website is not affiliated with, sponsored by, or operated by Jeopardy Productions, Inc. Join the discussion at JBoard.tv.